000 00302nam a22001457a 4500
008 210302b ||||| |||| 00| 0 eng d
020 _a9780763860097
041 _aeng
080 _a004
082 _a004
100 _a28
101 _aSHKI
245 _aWindows 8.1
_cWempen, F
942 _2udc
_cBK
999 _c55426
_d55426